Datum a čas kvízu
29
Celkem bodů
Celkový počet nahraných bodů na tomto kvízu bez doplňovacích otázek.
4.
Pořadí na kvízu
Konečné umístění týmu na tomto kvízu.
Zaznamenané odpovědi
| # | Otázka | Odpověď | Body | Výsledky |
|---|---|---|---|---|
| 1. | Na sedmém kilometru dálnice D1... | tramvaj | 1 | |
| 2. | Senát jednoho státu na jihu US... | Alabama | 0 | |
| 3. | Který známý umělec si vzal v n... | Rytmus / Patrik Vrbovský | 1 | |
| 4. | Čínská společnost Xiaomi přišl... | v automatu | 1 | |
| 5. | Ve třetím utkání na MS v hokej... | Andrej Vasilevskij | 0 | |
| 6. | Volby do Evropského parlamentu... | čtvrté | 1 | |
| 7. | Z výsledků voleb vzejde i nový... | Jan Zahradil | 0 | |
| 8. | Přiřaďte politické strany k je... | 1A 2C 3D 4B | 0 | |
| 9. | V některých evropských státech... | D | 0 | |
| 10. | Jedenatřicetiletý kandidát nov... | Tinder | 1 |